00346 a2200145 450000100060000002000180000604000240002410000170004824000400006524500350010530000070014036200090014744000130015665000310016915110 a9788526243781 cAnchieta - Aquarius aDiego, J. L.10aHistórias de um livro abertolpor10aHistórias de um livro aberto a400 a2002 1aScipione 4aLiteratura infanto-juvenil